000 00762nam a2200277Ia 4500
001 Z_845
003 CHAP
008 220113s1982 xx 000 0 und d
010 _a163939
040 _cCHAP
090 _aFolleto 5
100 _aVolke Haller, Víctor
_9120643
245 _aOptimización de insumos de la producción en la agricultura /
_cVíctor Volke Haller
260 _aChapingo, Méx. :
_bC.P. Centro de Edafología,
_c1982
300 _a61 p.
440 _a
500 _a
503 _a
650 _aAgricultura
_xAspectos económicos I. Colegio de Postgraduados (Chapingo, Méx.) Centro de Edafología II. t.
_9137986
901 _aFolleto 5
902 _aA
910 _a1982
942 _cc14
942 _cc14
999 _c163939
_d163939